| 000 | 00367 a2200145 4500 | ||
|---|---|---|---|
| 020 | _a9694960835 | ||
| 040 |
_aDLC _bDLC |
||
| 082 | _a891.4391 | ||
| 100 | _aAnwar Masood | ||
| 245 |
_aQata Kalami _cAnwar Masood |
||
| 260 |
_aIslamabad: _bDost Publications, _c1999. |
||
| 300 |
_a 164 p. ; _c22 cm. |
||
| 650 | _aUrdu Literature--Poetry | ||
| 942 |
_cBK _k891.4391 ANW _2ddc |
||
| 999 |
_c5243 _d5243 |
||